The World Almanac and Book of Facts 2005 /
Đã lưu trong:
| Tác giả chính: | |
|---|---|
| Định dạng: | Sách |
| Ngôn ngữ: | Vietnamese |
| Được phát hành: |
American :
World Almanac ,
2005
|
| Những chủ đề: | |
| Các nhãn: |
Thêm thẻ
Không có thẻ, Là người đầu tiên thẻ bản ghi này!
|
| Thư viện lưu trữ: | Thư viện Trường CĐ Kỹ Thuật Cao Thắng |
|---|
| LEADER | 00596nam a2200193 a 4500 | ||
|---|---|---|---|
| 001 | TVCDKTCT6596 | ||
| 003 | Thư viện trường Cao đẳng Kỹ thuật Cao Thắng | ||
| 005 | 20070406000000 | ||
| 008 | 070406 | ||
| 980 | \ | \ | |a Thư viện Trường CĐ Kỹ Thuật Cao Thắng |
| 024 | |a RG_1 #1 eb0 i1 | ||
| 020 | # | # | |a 0-88687-939-6 |
| 041 | 0 | # | |a vie |
| 082 | # | # | |a 529.3 / |b W400R-t |
| 100 | 1 | # | |a Park Ken |
| 245 | 0 | 0 | |a The World Almanac and Book of Facts 2005 / |c Park Ken |
| 260 | # | # | |a American : |b World Almanac , |c 2005 |
| 300 | # | # | |a 1008tr. ; |c 26cm |
| 650 | # | 4 | |a Niên giám thế giới |


